000 00897nam a22002777a 4500
001 BR2011008298
003 BR-BrBNA
005 20230928103712.0
007 ta
008 230509b bl.||||| |||| 00| 0 por d
040 _aBR-BrBNA
_bpor
_cBiblioteca Nacional de Agricultura
041 _a(Por)
072 _aP34
090 _ P34 BR2011008298
100 1 _aSilva, M.G.G.
110 1 _aCentro de Energia Nuclear na Agricultura, Piracicaba, SP (Brasil)
_0Tese (Doutor em Ciências)
245 1 _aDiversidade funcional em solos de Terra Preta de Índio da Amazônia e carvão pirogênico
260 3 _aPiracicaba, SP (Brasil):
_c2011.
300 _a188 p.
500 _aSummaries (Eng, Por); Several bibliography; 61 illus.; 12 tables
650 _aMICROBIOLOGIA DO SOLO
650 _aBIOLOGIA MOLECULAR
650 _aCARVÃO
909 _a202309
_bLucia
_c55
_dLucia Elande
942 _cBK
999 _c76234
_d76234